000 00418nam a2200169Ia 4500
005 20250508152107.0
008 008 250505s9999 xx 000 0 eng d
037 _aTextual
040 _aFEDL
_beng
_cFEDL
041 _aeng
_2eng
084 _a954.02, SAN
_qFEDL
100 _aSanskrityayan Rahul
245 0 _aAkbar
300 _a356p.
942 _cTEXL
_h954.02, SAN
999 _c1334213
_d1334213